| 000 | 00355nam a2200145Ia 4500 | ||
|---|---|---|---|
| 008 | 191201s2010 xx 000 0 und d | ||
| 082 |
_a005.74 _bDEI |
||
| 100 | _aDESAI, Bipin C | ||
| 245 | 0 | _aIntroduction to Database Systems | |
| 250 | _aREP | ||
| 260 |
_aN. Delhi _bGalgatia Pub. Pvt _c2010 |
||
| 300 | _a934 | ||
| 650 | _aB.Tech(IT) | ||
| 942 |
_2ddc _cBK |
||
| 999 |
_c4654 _d4654 |
||